Química : polimodal : educación secundaria superior

Saved in:
Bibliographic Details
Other Authors: Botto, Juan Bulwik, Marta Casen, Jorge Di Francisco, Karina Grimberg, Flavia López, Andrea Moreno, Patricia Olazar, Liliana (Publishing director)
Format: Book
Language:Spanish
Published: Buenos Aires : 2006
Edition:1ª ed.
Textbook Catalogue:BNM:  Library Catalog Search Result
Textbook Classification:
Subjects:
Tags: Add Tag
No Tags, Be the first to tag this record!
Added to:2010-05-09
Changed in:2022-02-25

MARC

LEADER 00000cam a22000004a 4500
003 AR-BaBNM
007 ta
008 100510s2006 ag ||||| |||||||||||spa|d
005 20220225193209.0
020 |a 978-987-576-127-8 
035 |a 000011523 
040 |a AR-BaBNM  |b spa 
080 |a 54 
245 0 0 |a Química :  |b polimodal : educación secundaria superior /  |c dirigido por Juan Botto y coordinado por Marta Bulwik 
250 |a 1ª ed. 
260 |a Buenos Aires :  |b Tinta Fresca,  |c 2006 
300 |a 320 p. :  |b il., gráfs., tablas, láms. pleg. +  |e tabla periódica pleg. 
650 4 |a Enseñanza de la química  |9 7760  |a Educación polimodal  |9 7628  |a Educación secundaria  |9 7637 
655 4 |a Libros de texto 
942 |2 udc  |c LIBRO 
999 |c 46913  |d 46913 
700 1 |a Botto, Juan  |e pbd  |a Bulwik, Marta  |a Casen, Jorge  |a Di Francisco, Karina  |a Grimberg, Flavia  |a López, Andrea  |a Moreno, Patricia  |a Olazar, Liliana 
999 |c KOHA-OAI-TEST:46913  |d 46913